000 00643nam a2200229 a 4500
005 20210223123848.0
008 991125n 000 0 spa u
035 _aUPN01000073810
100 _aHEGARTY, Seamus, 1945-
_931644
222 _aREVISTA ESPAÑOLA DE PEDAGOGIA
245 _aLa educación especial en Europa
300 _a345-360
362 _a1996 54, no. 204, may.-ago.
653 0 _aEDUCACION ESPECIAL
653 0 _aESCUELAS ESPECIALES
653 0 _aINTEGRACION
653 0 _aINVESTIGACION EDUCATIVA
653 0 _aLEGISLACION EDUCATIVA
653 0 _aNIÑO DISCAPACITADO
904 _aAC
_b011621
905 _aArticulo
999 _c66595
_d66595